Príprava propándiolu z bioglycerolu chemickou cestou-dehydratácia glycerolu

Salvato in:
Dettagli Bibliografici
Autore principale: Bôžik, Marián
Natura: Software Libro
Lingua:slovacco
Pubblicazione: Bratislava STU FCHPT 2009
Accesso online:Visualizza in OPAC
Tags: Aggiungi Tag
Nessun Tag, puoi essere il primo ad aggiungerne!!

MARC

LEADER 00000nam a2200000 a 4500
005 20260127134150.0
007 co ugu
008 090827 2009 xo 000 0 slo d
035 |a vtls009943959 
039 9 |y 200908270744  |z mschk03 
040 |a STUSCHK1  |b slo  |c STUSCHK1  |e AACR2 
100 1 |a Bôžik, Marián 
245 1 |a Príprava propándiolu z bioglycerolu chemickou cestou-dehydratácia glycerolu  |c Marián Bôžik 
260 |a Bratislava  |b STU FCHPT  |c 2009 
300 |a 1 elektronický disk 
500 |a Obháj.: 13.7. 2009 
500 |a Študijný program: chemické technológie 
500 |a Študijný odbor: 5.2.18 chemické technológie 
500 |a Bakalárska práca 
500 |a Ústav organickej chémie, katalýzy a petrochémie, odd. organickej technológie 
500 |a Bakalárska práca na CD-ROMe 
910 |a SCHK95 
999 |c 5620  |d 5620